00415nam a2200133Ia 4500008004000000020001700040082001300057100002000070245007100090250000500161260004300166300001100209650006100220210210b1995 xxu||||| |||| 00| 0 eng d a81 7371 64 6 a428 DAYS aDAY (Robert A). aScientific english: a guide for scientists and professionals. Ed.2 a aHyderabad.bUniversities Press.,c1995 axi,148 aScientific english Scientific writing Writing science